[Event "Serik Open 2017"]
[Site "Serik TUR"]
[Date "2017.05.21"]
[Round "9.2"]
[White "Strebkovs,A"]
[Black "Sivuk,V"]
[Result "0-1"]
[WhiteElo "2334"]
[BlackElo "2520"]

1.d4 Nf6 2.Nf3 g6 3.g3 Bg7 4.Bg2 c5 5.O-O O-O 6.c4 d6 7.Nc3 Nc6 8.d5 Na5 9.Nd2
a6 10.Qc2 Rb8 11.b3 b5 12.Bb2 e5 13.Rab1 Nh5 14.e3 Bf5 15.e4 Bd7 16.Ne2 f5
17.f4 Qe7 18.Bc3 b4 19.Bb2 Nb7 20.Rbe1 Rbe8 21.Nc1 exf4 22.gxf4 fxe4 23.Rxe4
Qf7 24.Rxe8 Rxe8 25.Bxg7 Qxg7 26.Be4 Qd4+ 27.Kh1 Bh3 28.Rf3 Bg4 29.Rf1 Rf8
30.Qd3 Nxf4 31.Qxd4 cxd4 32.Bf3 Bh3 33.Re1 Nc5 34.Kg1 Rf5 35.Re7 h5 36.Be2 Kf8
37.Rc7 Ne4 38.Rc8+ Ke7 {#R} 0-1

[Event "Serik Open 2017"]
[Site "Serik TUR"]
[Date "2017.05.21"]
[Round "9.3"]
[White "Uzunoglu,E"]
[Black "Atalik,E"]
[Result "0-1"]
[WhiteElo "2070"]
[BlackElo "2431"]

1.d4 Nf6 2.Nf3 e6 3.e3 b6 4.Bd3 Bb7 5.O-O d5 6.b3 Bd6 7.Bb2 O-O 8.Nbd2 Ne4
9.c4 Nd7 10.Qc2 Ndf6 11.Ne5 Nxd2 12.Qxd2 Qe7 13.Rac1 c5 14.Qc2 Rac8 15.Rfd1 h6
16.Qb1 Rfd8 17.dxc5 bxc5 18.Qa1 Ne8 19.cxd5 exd5 20.Bf5 Ra8 21.Bg4 Nc7 22.Bf3
Ne6 23.b4 c4 24.Bh5 Bxe5 25.Bxe5 d4 26.Bg3 dxe3 27.Rxc4 exf2+ 28.Kxf2 Rxd1
29.Qxd1 Rd8 30.Qe1 Qg5 31.Bf3 Bxf3 32.gxf3 Rd2+ 33.Kf1 Qd5 34.Rc8+ Nf8 35.Qe4
Rd1+ 36.Kg2 Rd2+ 37.Kf1 Rd1+ 38.Kg2 Rd2+ 39.Kf1 Qxa2 40.Qe7 Rd1+ 41.Be1 Qa6+
42.Qe2 Rxe1+ {#R} 0-1

[Event "Serik Open 2017"]
[Site "Serik TUR"]
[Date "2017.05.21"]
[Round "9.4"]
[White "Eminov,O"]
[Black "Gleizerov,E"]
[Result "1-0"]
[WhiteElo "2248"]
[BlackElo "2526"]

1.e4 e6 2.d4 d5 3.Nc3 Nf6 4.Bg5 Be7 5.e5 Nfd7 6.Bxe7 Qxe7 7.f4 O-O 8.Qh5 a6
9.O-O-O c5 10.Nf3 cxd4 11.Ne2 g6 12.Qh6 f6 13.Nexd4 Nc6 14.Re1 Nxd4 15.Nxd4
fxe5 16.fxe5 Nc5 17.h4 Bd7 18.Qe3 Ne4 19.Be2 Qg7 20.Nf3 Bb5 21.Bd3 Bxd3
22.cxd3 Ng3 23.Rh3 Nh5 24.Nd4 Qc7+ 25.Kb1 Qb6 26.g4 Nf4 27.Rh2 Rf7 28.Rc2 Raf8
29.Rec1 Qd8 30.Qg3 g5 31.hxg5 Qxg5 32.Qe3 Qg6 33.Rc3 Kh8 34.Rg1 Qg5 35.a3 Qd8
36.Ka2 Qb6 37.Rc2 Ng6 38.Rh1 Rf4 39.Qh3 R4f7 40.Qh6 Rg7 41.Nf5 exf5 42.gxf5
Rfg8 43.Rch2 Qc7 44.fxg6 Rc8 45.Qg5 Kg8 46.Rxh7 {#r} 1-0

[Event "Serik Open 2017"]
[Site "Serik TUR"]
[Date "2017.05.21"]
[Round "9.5"]
[White "Ersahin,B"]
[Black "Alexanian,N"]
[Result "1-0"]
[WhiteElo "2138"]
[BlackElo "2128"]

1.d4 Nf6 2.c4 c5 3.d5 b5 4.cxb5 a6 5.bxa6 g6 6.Nc3 Bxa6 7.g3 d6 8.Bg2 Bg7
9.Nf3 O-O 10.O-O Nbd7 11.Rb1 Qa5 12.Qc2 Nb6 13.Rd1 Bc4 14.Nd2 Nfd7 15.Nxc4
Nxc4 16.Qe4 Rfb8 17.Qxc4 Bxc3 18.Bg5 Bf6 19.Bxf6 Nxf6 20.a3 Qb5 21.Qc1 c4
22.Qe3 Rb7 23.Rd4 h5 24.h3 Ra4 25.g4 hxg4 26.hxg4 Qd7 27.Bf3 Rb3 28.Qf4 Qc8
29.Kg2 Kg7 30.Rh1 Ng8 31.Be4 f6 32.Bc2 Qa8 33.Qe4 Rxb2 34.Qxg6+ Kf8 35.Rh7
{#r} 1-0

[Event "15th Somov Memorial 2017"]
[Site "Kirishi RUS"]
[Date "2017.05.17"]
[Round "1.2"]
[White "Shubin,Kirill"]
[Black "Nikitenko,M"]
[Result "1-0"]
[WhiteElo "2287"]
[BlackElo "2408"]

1.e4 e5 2.Nf3 Nc6 3.Bb5 a6 4.Ba4 Nf6 5.O-O Be7 6.Re1 b5 7.Bb3 O-O 8.c3 d6 9.h3
Bb7 10.d4 Nd7 11.Nbd2 exd4 12.cxd4 Bf6 13.Nf1 Na5 14.Bc2 Re8 15.Bf4 c5 16.e5
Bxf3 17.Qd3 dxe5 18.dxe5 Nxe5 19.Qxh7+ Kf8 20.Ng3 Ng6 21.Rxe8+ Kxe8 22.Qg8+
Ke7 23.Nf5+ Ke6 24.Re1+ Ne5 25.Nxg7+ Kd5 26.Rxe5+ Bxe5 27.Qxf7+ Kc6 28.Bxe5
Bd5 29.Ne6 Qb6 30.Qf6 Nc4 31.Nxc5+ {#r} 1-0

[Event "15th Somov Memorial 2017"]
[Site "Kirishi RUS"]
[Date "2017.05.17"]
[Round "1.3"]
[White "Pultinevicius,Paulius"]
[Black "Kacharava,Nikolozi"]
[Result "0-1"]
[WhiteElo "2395"]
[BlackElo "2180"]

1.c4 c5 2.Nf3 Nf6 3.g3 g6 4.Bg2 Bg7 5.O-O Nc6 6.Nc3 d6 7.Rb1 O-O 8.a3 d5
9.cxd5 Nxd5 10.Qc2 Nxc3 11.bxc3 b6 12.d4 Bf5 13.e4 Bg4 14.d5 Na5 15.c4 Bxf3
16.Bxf3 Nb7 17.a4 Nd6 18.Bf4 e5 19.Bd2 f5 20.Kg2 Qd7 21.Rbe1 a6 22.a5 b5
23.cxb5 fxe4 24.Bxe4 axb5 25.Qxc5 Rac8 26.Qe3 Nxe4 27.Qxe4 Rc4 28.Qe3 Qxd5+
29.f3 Rd4 30.Rf2 Rd3 31.Qe2 Rfxf3 32.Rxf3 Rxd2 33.a6 Qa2 34.Qxd2 Qxd2+ 35.Kf1
Qa5 36.Rd1 h6 37.Rd6 Qa1+ 38.Kg2 b4 39.Rd8+ Kh7 40.Rd7 Qxa6 41.Rff7 Qa8+
42.Kf2 Qg8 43.Ke2 b3 44.Kd2 e4 {#R} 0-1

[Event "15th Somov Memorial 2017"]
[Site "Kirishi RUS"]
[Date "2017.05.17"]
[Round "1.5"]
[White "Zarubitski,Viachaslau"]
[Black "Giannoulakis,Lampros"]
[Result "0-1"]
[WhiteElo "2325"]
[BlackElo "2330"]

1.e4 c5 2.Nf3 d6 3.d4 cxd4 4.Nxd4 Nf6 5.Nc3 a6 6.Be2 e5 7.Nb3 Be7 8.Be3 Be6
9.Qd3 Nbd7 10.Nd5 Bxd5 11.exd5 O-O 12.O-O Rc8 13.c4 Nc5 14.Nxc5 dxc5 15.Rae1
Ne8 16.Bg4 Rc7 17.Bd2 Bd6 18.Ba5 g6 19.g3 f5 20.Bh3 Qb8 21.Bxc7 Qxc7 22.f3 h5
23.Re2 Nf6 24.Rfe1 Kg7 25.Qd2 b5 26.b3 Re8 27.Kh1 b4 28.Kg2 e4 29.Bxf5 gxf5
30.Qg5+ Kf7 31.fxe4 Bxg3 32.hxg3 Rg8 33.Qh4 Rg4 34.Qh2 h4 35.e5 Nh5 36.Re3 Ke8
37.Kf2 Nxg3 38.Rf3 Qg7 39.Qh3 Qg5 40.Ree3 Ne4+ 41.Ke1 Rg1+ 42.Rf1 Rg3 43.Qxg3
hxg3 {#R} 0-1

[Event "15th Somov Memorial 2017"]
[Site "Kirishi RUS"]
[Date "2017.05.18"]
[Round "2.3"]
[White "Lobanov,Sergei"]
[Black "Zarubitski,Viachaslau"]
[Result "1-0"]
[WhiteElo "2429"]
[BlackElo "2325"]

1.e4 c5 2.Nf3 Nc6 3.d4 cxd4 4.Nxd4 e6 5.Nc3 Qc7 6.Be2 a6 7.O-O Nf6 8.Be3 Bb4
9.Nxc6 bxc6 10.Qd4 c5 11.Qc4 O-O 12.Na4 d5 13.exd5 exd5 14.Qf4 Qxf4 15.Bxf4 c4
16.b3 Bf5 17.c3 Ba3 18.bxc4 Rfe8 19.Bf3 Rad8 20.Nb6 dxc4 21.Nxc4 Bc5 22.Be3
Bd3 23.Bxc5 Bxc4 24.Rfc1 Rd2 25.a4 Nd5 26.h3 Nf4 27.Rd1 Rc2 28.Rd4 Ne2+
29.Bxe2 Bxe2 30.Bb4 h6 31.Re1 Re6 32.Ba5 Kh7 33.Rd7 Kg6 34.f4 f5 35.Bc7 Kh7
36.Be5 Rg6 37.Rd6 Rxd6 38.Bxd6 Bd3 39.Re7 Be4 40.g4 h5 41.g5 Rb2 42.Be5 Rb7
43.Re6 Rb1+ 44.Kf2 Rb2+ 45.Ke3 Rb7 46.Rxa6 h4 47.a5 Bg2 48.Rb6 Ra7 49.a6 Kg8
50.Kf2 Be4 51.c4 Kf7 52.c5 Ke8 53.c6 Ra8 54.c7 Rc8 55.Rb8 Kd7 56.g6 {#r} 1-0

[Event "15th Somov Memorial 2017"]
[Site "Kirishi RUS"]
[Date "2017.05.18"]
[Round "2.5"]
[White "Nikitenko,M"]
[Black "Pultinevicius,Paulius"]
[Result "1-0"]
[WhiteElo "2408"]
[BlackElo "2395"]

1.e4 e5 2.Nf3 Nc6 3.Bb5 a6 4.Ba4 Nf6 5.d3 b5 6.Bb3 Be7 7.O-O d6 8.c3 O-O
9.Nbd2 Na5 10.Bc2 c5 11.Re1 Nc6 12.Nf1 Re8 13.h3 h6 14.Ng3 Bf8 15.a4 b4 16.d4
g6 17.Be3 Rb8 18.Qd2 Kh7 19.Rad1 Qc7 20.Qe2 Na5 21.Nh2 bxc3 22.dxe5 dxe5
23.bxc3 c4 24.Rf1 Bc5 25.Kh1 Bxe3 26.Qxe3 Kg7 27.f4 Rb2 28.Rd2 exf4 29.Rxf4
Nb3 30.Rdf2 Rxc2 31.Rxf6 Rxf2 32.Rxf2 Qe5 33.Qf3 Re7 34.Ng4 Bxg4 35.Qxg4 h5
36.Qh4 Rd7 37.Rf1 Rd3 38.Ne2 Nd2 39.Rf4 Nb1 40.Qf2 Rd1+ 41.Kh2 Kg8 42.Qa7 Qe8
43.Qxa6 Nd2 44.Qf6 Nxe4 45.Qh4 Nd2 46.Ng3 Rc1 47.Qf6 Nb1 48.Rd4 {#r} 1-0

[Event "15th Somov Memorial 2017"]
[Site "Kirishi RUS"]
[Date "2017.05.19"]
[Round "3.1"]
[White "Shubin,Kirill"]
[Black "Hakobyan,Aram"]
[Result "0-1"]
[WhiteElo "2287"]
[BlackElo "2449"]

1.e4 g6 2.d4 Bg7 3.f4 d6 4.Nf3 Nf6 5.Nc3 O-O 6.Bd3 Bg4 7.h3 Bxf3 8.Qxf3 Nc6
9.Ne2 Nb4 10.Bd2 Nxd3+ 11.cxd3 c5 12.dxc5 dxc5 13.Bc3 Qd7 14.O-O Rfd8 15.Rad1
Qc6 16.f5 Rd7 17.g4 g5 18.h4 Rad8 19.Nc1 h6 20.hxg5 hxg5 21.Rde1 c4 22.dxc4
Qxc4 23.Rf2 Qa4 24.Rff1 b6 25.Qe2 Qc6 26.Qg2 Qc4 27.Qf3 a5 28.Qe3 Nh7 29.Bxg7
Kxg7 30.b3 Qd4 31.Kf2 Nf6 32.Kf3 Qxe3+ 33.Rxe3 Rd2 34.a4 Rh8 35.Rg1 Rh3+
36.Rg3 Rhh2 37.Ne2 Nd7 38.e5 f6 39.exf6+ exf6 40.Rg2 Rh4 41.Nf4 Rxg2 42.Re7+
Kg8 43.Rxd7 Rb2 44.Nd5 Rxb3+ 45.Kf2 Rb2+ 46.Kg3 Rb3+ 47.Kf2 Rb2+ 48.Kg1 Rh6
{#R} 0-1

[Event "15th Somov Memorial 2017"]
[Site "Kirishi RUS"]
[Date "2017.05.19"]
[Round "3.5"]
[White "Kaasen,Tor Fredrik"]
[Black "Lobanov,Sergei"]
[Result "0-1"]
[WhiteElo "2402"]
[BlackElo "2429"]

1.e4 c5 2.Nf3 d6 3.d4 cxd4 4.Qxd4 Bd7 5.c4 Nc6 6.Qd2 Nf6 7.Nc3 g6 8.b3 Bg7
9.Bb2 O-O 10.h3 a6 11.Be2 Qa5 12.Rb1 b5 13.Bd3 Nb4 14.O-O Nxd3 15.Qxd3 bxc4
16.bxc4 Rab8 17.Nd4 Rfc8 18.Rfc1 Bh6 19.Rc2 Rb4 20.Nd5 Nxd5 21.cxd5 Rxc2
22.Nxc2 Rb7 23.Na3 f6 24.Kh2 Qa4 25.Qd4 Rb4 26.Qa7 Rxe4 27.Qa8+ Kg7 28.Qd8 Re2
29.Kg1 Bf5 30.Rf1 Rxb2 31.Qxe7+ Kg8 32.Qxf6 Qxa3 33.Re1 Rb8 34.g4 Qxh3 35.gxf5
Qxf5 36.Qxd6 Rf8 37.Re2 Bf4 38.Qxa6 Qg4+ 39.Kf1 Qh3+ {#R} 0-1

[Event "15th Somov Memorial 2017"]
[Site "Kirishi RUS"]
[Date "2017.05.19"]
[Round "3.6"]
[White "Shevchenko,Kirill"]
[Black "Giannoulakis,Lampros"]
[Result "1-0"]
[WhiteElo "2491"]
[BlackElo "2330"]

1.e4 c5 2.Nf3 d6 3.d4 Nf6 4.Nc3 cxd4 5.Nxd4 a6 6.h3 e6 7.g4 b5 8.g5 Nfd7 9.Bg2
Bb7 10.O-O Be7 11.h4 b4 12.Nce2 Nc5 13.Ng3 g6 14.a3 bxa3 15.b3 d5 16.exd5 Bxd5
17.Bxa3 Bxg2 18.Kxg2 Qd5+ 19.Nf3 Qc6 20.Qd4 Rg8 21.b4 Nb7 22.c4 Nd6 23.Rfc1
Nf5 24.Nxf5 gxf5 25.b5 Qb7 26.Bxe7 Kxe7 27.c5 Qxb5 28.Qd6+ Ke8 29.Rab1 {#r}
1-0

[Event "15th Somov Memorial 2017"]
[Site "Kirishi RUS"]
[Date "2017.05.20"]
[Round "4.3"]
[White "Kacharava,Nikolozi"]
[Black "Kaasen,Tor Fredrik"]
[Result "0-1"]
[WhiteElo "2180"]
[BlackElo "2402"]

1.e4 e5 2.Nf3 Nc6 3.Bc4 Bc5 4.c3 Nf6 5.d3 O-O 6.O-O a6 7.Nbd2 Ba7 8.h3 d6
9.Bb3 Be6 10.Re1 Re8 11.Nf1 d5 12.Ng5 Qd6 13.Ng3 Na5 14.Bc2 d4 15.Nxe6 fxe6
16.c4 b5 17.Bd2 Nc6 18.cxb5 axb5 19.Rf1 Nd7 20.f4 exf4 21.Rxf4 Nce5 22.Nh5 c5
23.Qe1 Ng6 24.Qg3 Nde5 25.Rg4 Qe7 26.Bg5 Qb7 27.Bf4 Nxg4 28.Qxg4 Bb8 29.Bb3 c4
30.dxc4 bxc4 31.Bxc4 Qxe4 32.Rf1 Bxf4 33.Rxf4 Qe3+ 34.Kh2 Qe5 35.g3 Nxf4
36.gxf4 Qc7 37.Nf6+ Kh8 38.Nxe8 Rxe8 39.Bd3 Rf8 40.Kg2 Qc1 41.Qxe6 Qxb2+
42.Kg3 Qc1 43.Qe4 Qe3+ 44.Qxe3 dxe3 45.Kf3 g5 46.f5 Ra8 47.Kxe3 Rxa2 48.f6 Ra4
49.f7 Ra8 50.h4 gxh4 51.Kf2 Kg7 52.Kg2 Ra2+ 53.Kg1 Ra1+ 54.Kh2 Kxf7 55.Bxh7
Kf6 56.Be4 Kg5 57.Bc6 Ra2+ 58.Kh3 Ra3+ 59.Kh2 h3 60.Bd7 Kh4 {#R} 0-1

[Event "15th Somov Memorial 2017"]
[Site "Kirishi RUS"]
[Date "2017.05.20"]
[Round "4.6"]
[White "Shubin,Kirill"]
[Black "Pultinevicius,Paulius"]
[Result "1-0"]
[WhiteElo "2287"]
[BlackElo "2395"]

1.d4 Nf6 2.c4 e6 3.g3 d5 4.Nf3 Be7 5.Bg2 O-O 6.O-O dxc4 7.Ne5 Nc6 8.Nxc6 bxc6
9.e3 Nd5 10.Qa4 Nb6 11.Qc2 Rb8 12.Rd1 Bd7 13.Nd2 c5 14.dxc5 Bxc5 15.Nxc4 Nxc4
16.Qxc4 Bd6 17.b3 a5 18.Bd2 Qg5 19.Bc3 Rb6 20.Rac1 Rfb8 21.Qd4 f6 22.Qc4 Kf7
23.Bd4 Rb5 24.f4 Qh5 25.e4 Kg8 26.e5 fxe5 27.fxe5 Ba3 28.Rb1 Be8 29.Qxe6+ Bf7
30.Qd7 c5 31.Bc3 Qe2 32.Re1 {#r} 1-0

[Event "15th Somov Memorial 2017"]
[Site "Kirishi RUS"]
[Date "2017.05.21"]
[Round "5.2"]
[White "Sargsyan,Shant"]
[Black "Shubin,Kirill"]
[Result "1-0"]
[WhiteElo "2409"]
[BlackElo "2287"]

1.d4 Nf6 2.Nf3 e6 3.c4 c5 4.d5 d6 5.Nc3 exd5 6.cxd5 a6 7.a4 g6 8.h3 Qe7 9.Bf4
Bg7 10.e3 O-O 11.Be2 Nbd7 12.O-O Rb8 13.Nd2 h6 14.Qc2 Ne8 15.Nc4 f5 16.a5 Ndf6
17.Ra3 g5 18.Bh2 Nd7 19.Rb3 f4 20.exf4 gxf4 21.Qe4 Qf7 22.Qe6 Ne5 23.Nxe5 Qxe6
24.dxe6 Bxe5 25.e7 Rf5 26.Bxa6 Kf7 27.Bd3 Rg5 28.Bc4+ Be6 29.Bxe6+ Kxe6 30.a6
Rg7 31.Rxb7 Ra8 32.Re1 Kf5 33.a7 Nf6 34.Nb5 d5 35.Rxe5+ Kxe5 36.Rb8 Rg8
37.Rxg8 Rxg8 38.Nc7 {#r} 1-0

[Event "15th Somov Memorial 2017"]
[Site "Kirishi RUS"]
[Date "2017.05.21"]
[Round "5.4"]
[White "Kaasen,Tor Fredrik"]
[Black "Nikitenko,M"]
[Result "1-0"]
[WhiteElo "2402"]
[BlackElo "2408"]

1.e4 d6 2.d4 g6 3.Nc3 Bg7 4.Nf3 Nf6 5.Be2 O-O 6.O-O c6 7.a4 Qc7 8.Be3 e5 9.Qd2
a5 10.Rfd1 Na6 11.h3 Nb4 12.dxe5 dxe5 13.Bc5 Re8 14.Bd6 Qb6 15.Bc4 Be6 16.Nxe5
Bxc4 17.Nxc4 Qa6 18.Ne5 Rad8 19.Qf4 Nxc2 20.Be7 Nxa1 21.Bxd8 c5 22.Bxf6 Bxf6
23.Ng4 Bxc3 24.bxc3 Kg7 25.Rxa1 h5 26.Ne3 Qd3 27.Nd5 Rxe4 28.Qf6+ {#r} 1-0

[Event "15th Somov Memorial 2017"]
[Site "Kirishi RUS"]
[Date "2017.05.21"]
[Round "5.5"]
[White "Shevchenko,Kirill"]
[Black "Kacharava,Nikolozi"]
[Result "1-0"]
[WhiteElo "2491"]
[BlackElo "2180"]

1.e4 c5 2.Nf3 d6 3.d4 cxd4 4.Nxd4 Nf6 5.Nc3 Nc6 6.f3 e5 7.Nb3 Be7 8.Be3 O-O
9.Qd2 a5 10.Bb5 Be6 11.O-O-O Ne8 12.Kb1 Nc7 13.a4 Nb4 14.Bb6 Qc8 15.Bxa5 Nxb5
16.axb5 Nxc2 17.Qxc2 Bxb3 18.Qxb3 Rxa5 19.Qb4 b6 20.Nd5 Qe6 21.Rd3 Rc8 22.Rc3
Rc5 23.Rxc5 dxc5 24.Qc4 Bf8 25.Rd1 Ra7 26.Ne3 Qh6 27.Ng4 Qg5 28.Qd5 Re7 29.Qd2
Qg6 30.Ne3 Re6 31.Qd8 Qh6 32.Nc4 Rg6 33.Nxe5 Rd6 34.Rxd6 Qxd6 35.Qxd6 Bxd6
36.Nd7 f6 37.Nxb6 Bxh2 38.Nd7 Kf7 39.Nxc5 Ke7 40.Kc2 Kd6 41.Nd3 g5 42.g4 {#r}
1-0

[Event "34th Mukachevo Rating IM"]
[Site "Mukachevo UKR"]
[Date "2017.05.16"]
[Round "1.1"]
[White "Oros,R"]
[Black "Bykovskiy,Oleg"]
[Result "0-1"]
[WhiteElo "2302"]
[BlackElo "2368"]

1.e4 Nc6 2.d4 d5 3.Nc3 dxe4 4.d5 Ne5 5.f3 exf3 6.Nxf3 Nxf3+ 7.Qxf3 Nf6 8.Bf4
a6 9.h3 g6 10.O-O-O Bg7 11.g4 O-O 12.Qg3 Ne8 13.h4 h6 14.Be2 Nd6 15.Qe3 Kh7
16.Qd3 f5 17.g5 h5 18.Bf3 Ne4 19.Nxe4 fxe4 20.Qxe4 Bf5 21.Qe3 Qd7 22.Be5 Qa4
23.Rh2 Bxe5 24.Qxe5 Rae8 25.Kb1 Qd7 26.Re1 e6 27.Rhe2 exd5 28.Qxe8 Rxe8
29.Rxe8 Be4 30.Rf8 Qe7 31.Rc8 Bxc2+ 32.Kxc2 Qxe1 33.Rxc7+ Kh8 {#R} 0-1

[Event "34th Mukachevo Rating IM"]
[Site "Mukachevo UKR"]
[Date "2017.05.17"]
[Round "2.1"]
[White "Bykovskiy,Oleg"]
[Black "Sztercsco,S"]
[Result "1-0"]
[WhiteElo "2368"]
[BlackElo "2090"]

1.c4 Nf6 2.Nc3 g6 3.d4 Bg7 4.e4 d6 5.Nf3 O-O 6.Be2 Nbd7 7.O-O c5 8.b3 a6 9.Bb2
cxd4 10.Nxd4 Nc5 11.f3 Bd7 12.Qd2 Rb8 13.Kh1 Qe8 14.b4 Ne6 15.Nd5 Nxd5 16.exd5
Nc7 17.a3 b5 18.Rac1 bxc4 19.Bxc4 Bb5 20.Bxb5 Nxb5 21.Nc6 Bxb2 22.Qxb2 Rb7
23.Rfe1 e5 24.dxe6 fxe6 25.Qe2 Kf7 26.a4 Na7 27.Qxa6 Qd7 28.b5 Rc8 29.Na5 Rbc7
30.Rcd1 {#r} 1-0

[Event "34th Mukachevo Rating IM"]
[Site "Mukachevo UKR"]
[Date "2017.05.17"]
[Round "2.2"]
[White "Bunda,V"]
[Black "Ganze,L"]
[Result "1-0"]
[WhiteElo "2302"]
[BlackElo "2005"]

1.d4 Nf6 2.c4 g6 3.Nc3 Bg7 4.e4 d6 5.Nf3 O-O 6.Be2 e5 7.d5 a5 8.Bg5 h6 9.Be3
Ng4 10.Bd2 f5 11.h3 Nf6 12.exf5 gxf5 13.Qc1 Kh7 14.g4 Na6 15.g5 Ne4 16.g6+ Kg8
17.Bxh6 Nxc3 18.Bxg7 Kxg7 19.Qxc3 Nc5 20.h4 Ne4 21.Qc2 Rh8 22.h5 Qf6 23.Nd2
Nc5 24.O-O-O Bd7 25.Rdg1 Rh6 26.Nf3 Ne4 27.Rh2 Rah8 28.Ne1 a4 29.Nd3 a3
30.Rhg2 axb2+ 31.Qxb2 b6 32.f3 Nc5 33.Nxc5 dxc5 34.f4 Re8 35.Bf3 Rhh8 36.fxe5
Rxe5 37.Re2 Rhe8 38.Rxe5 Rxe5 39.h6+ {#r} 1-0

[Event "34th Mukachevo Rating IM"]
[Site "Mukachevo UKR"]
[Date "2017.05.17"]
[Round "2.3"]
[White "Tiba,V"]
[Black "Boricsev,O"]
[Result "1-0"]
[WhiteElo "2310"]
[BlackElo "2340"]

1.e4 e6 2.d4 d5 3.e5 c5 4.c3 Nc6 5.Nf3 Qb6 6.a3 Nh6 7.b4 cxd4 8.cxd4 Nf5 9.Be3
f6 10.exf6 gxf6 11.Bd3 Nce7 12.O-O Bg7 13.Nc3 O-O 14.Bf4 Bd7 15.b5 Qd8 16.Qd2
Be8 17.Rfe1 Bf7 18.b6 Nd6 19.bxa7 Nc4 20.Bxc4 dxc4 21.Nb5 Qd7 22.a4 Nc6 23.Bd6
Bh5 24.Bxf8 Bxf3 25.gxf3 Bxf8 26.Qe2 Nxa7 27.Qxc4 Nxb5 28.axb5 Rxa1 29.Rxa1
Bg7 30.Ra8+ Kf7 31.Rc8 Kg6 32.Rc7 Qd6 33.Rxb7 Qf4 34.Qc7 Qg5+ 35.Kf1 Kh6
36.Qxg7+ {#r} 1-0

[Event "34th Mukachevo Rating IM"]
[Site "Mukachevo UKR"]
[Date "2017.05.17"]
[Round "2.5"]
[White "Oros,R"]
[Black "Burnett,A"]
[Result "1-0"]
[WhiteElo "2302"]
[BlackElo "2183"]

1.e4 c5 2.Nf3 d6 3.Bb5+ Nd7 4.d4 Nf6 5.Nc3 a6 6.Bxd7+ Nxd7 7.O-O e6 8.Bg5 Qc7
9.d5 e5 10.a4 h6 11.Be3 Be7 12.Nd2 Bg5 13.Qe2 Bxe3 14.Qxe3 b6 15.Ne2 Rb8
16.Ng3 c4 17.Nf5 Kf8 18.Qa3 Nc5 19.Nxc4 Bxf5 20.exf5 b5 21.axb5 axb5 22.Na5
Qd7 23.Nc6 Re8 24.Qf3 e4 25.Qh5 Rc8 26.Ra7 Qe8 27.f6 g6 28.Qh3 {#r} 1-0

[Event "34th Mukachevo Rating IM"]
[Site "Mukachevo UKR"]
[Date "2017.05.17"]
[Round "3.1"]
[White "Burnett,A"]
[Black "Bykovskiy,Oleg"]
[Result "0-1"]
[WhiteElo "2183"]
[BlackElo "2368"]

1.d4 Nf6 2.c4 e6 3.Nf3 b6 4.Bf4 Bb7 5.e3 Bb4+ 6.Nbd2 O-O 7.Be2 Ne4 8.O-O f5
9.Nxe4 fxe4 10.Nd2 d5 11.cxd5 Bxd2 12.Qxd2 exd5 13.Rac1 c6 14.f3 exf3 15.Rxf3
Nd7 16.Rcf1 Qe7 17.Bd3 h6 18.Qf2 Rf6 19.Bb1 Raf8 20.Qc2 g5 21.Rg3 R8f7 22.h4
Rg7 23.hxg5 hxg5 24.Rff3 Rh6 25.Be5 Nxe5 26.dxe5 g4 27.Rf4 Bc8 28.Qf2 Rh5
29.Bf5 Bxf5 30.Rxf5 Rxf5 31.Qxf5 Qg5 32.Qe6+ Kh7 33.Qd6 Qg6 34.e6 Qe4 35.Qxc6
Re7 36.Qd6 Rxe6 37.Qc7+ Re7 38.Qf4 Rg7 39.Qd6 Rf7 40.Qd8 Rg7 41.Qh4+ Kg8
42.Qd8+ Kf7 43.Qd7+ Kf6 44.Qd6+ Kg5 45.Qd8+ Kh5 46.Qh8+ Kg6 47.Qh3 Kg5 48.Kh2
Rg6 {#R} 0-1

[Event "34th Mukachevo Rating IM"]
[Site "Mukachevo UKR"]
[Date "2017.05.17"]
[Round "3.2"]
[White "Dovzik,J"]
[Black "Oros,R"]
[Result "1-0"]
[WhiteElo "2306"]
[BlackElo "2302"]

1.c4 Nf6 2.Nf3 d6 3.d4 Nbd7 4.Nc3 e5 5.g3 Be7 6.Bg2 O-O 7.O-O c6 8.e4 a6 9.Re1
Re8 10.b3 Bf8 11.Bb2 b5 12.cxb5 cxb5 13.dxe5 dxe5 14.Nd5 Bd6 15.Nxf6+ Qxf6
16.Qd5 Ra7 17.Red1 Bb8 18.Rac1 Nb6 19.Qc6 Bd7 20.Qxf6 gxf6 21.Nh4 a5 22.Nf5 a4
23.Bc3 axb3 24.axb3 Be6 25.Rb1 Nd7 26.Bb4 Ra2 27.Bf1 Ba7 28.Rd2 Rxd2 29.Bxd2
b4 30.Bxb4 Rb8 31.Be7 Nc5 32.Nd6 Rxb3 33.Rxb3 Bxb3 34.Nc8 {#r} 1-0

[Event "34th Mukachevo Rating IM"]
[Site "Mukachevo UKR"]
[Date "2017.05.17"]
[Round "3.4"]
[White "Ganze,L"]
[Black "Tiba,V"]
[Result "0-1"]
[WhiteElo "2005"]
[BlackElo "2310"]

1.d4 Nf6 2.Nf3 g6 3.c4 Bg7 4.Nc3 O-O 5.e4 d6 6.Be2 Nbd7 7.O-O e5 8.d5 Nc5
9.Qc2 a5 10.Be3 b6 11.Nd2 Ng4 12.Bxg4 Bxg4 13.f3 Bd7 14.Nb3 f5 15.Nxc5 bxc5
16.exf5 gxf5 17.Qd2 Rb8 18.b3 Qf6 19.Rac1 Qg6 20.f4 e4 21.Kh1 Rb4 22.Qd1 Bf6
23.a4 Qg4 24.Qxg4+ fxg4 25.Nxe4 Bb2 26.Rb1 Rxb3 27.Bc1 Bf5 28.Rxb2 Rxb2
29.Bxb2 Bxe4 30.Re1 Rxf4 31.Bc3 c6 32.Kg1 cxd5 33.Bxa5 Bd3 34.Bc7 Rxc4 35.Bxd6
Rc2 36.a5 Be4 37.Ra1 d4 38.a6 d3 39.a7 d2 40.Bf4 c4 41.a8=Q+ Bxa8 42.Rxa8+ Kf7
43.Ra1 Ra2 44.Rd1 c3 45.Kf1 c2 {#R} 0-1

[Event "34th Mukachevo Rating IM"]
[Site "Mukachevo UKR"]
[Date "2017.05.17"]
[Round "3.5"]
[White "Sztercsco,S"]
[Black "Bunda,V"]
[Result "0-1"]
[WhiteElo "2090"]
[BlackElo "2302"]

1.e4 e5 2.Nc3 Nf6 3.f4 d5 4.fxe5 Nxe4 5.d3 Nxc3 6.bxc3 Be7 7.Nf3 O-O 8.Be2 c5
9.O-O Nc6 10.Qe1 f6 11.d4 c4 12.Qg3 Kh8 13.exf6 Bxf6 14.Bg5 Bf5 15.Bxf6 Rxf6
16.Ne5 Nxe5 17.Qxe5 Bxc2 18.Bf3 Rf5 19.Qe6 Qg5 20.h4 Qxh4 21.Bxd5 Rh5 22.Qd6
Qh1+ 23.Kf2 Rf5+ 24.Bf3 Qh4+ 25.Kg1 Bd3 26.Rf2 Rf6 27.Re1 {#R} 0-1

[Event "34th Mukachevo Rating IM"]
[Site "Mukachevo UKR"]
[Date "2017.05.18"]
[Round "4.1"]
[White "Bykovskiy,Oleg"]
[Black "Bunda,V"]
[Result "1-0"]
[WhiteElo "2368"]
[BlackElo "2302"]

1.e4 e5 2.Nc3 Nf6 3.g3 Bc5 4.Bg2 Nc6 5.d3 O-O 6.Nd5 h6 7.Be3 d6 8.Ne2 Nd4
9.Bxd4 exd4 10.b4 Nxd5 11.bxc5 Ne7 12.Nxd4 dxc5 13.Nb3 b6 14.O-O Bb7 15.Qe2 a5
16.Rab1 Rb8 17.f4 a4 18.Nd2 Nc6 19.Nf3 Nd4 20.Qf2 Nxf3+ 21.Bxf3 Qe7 22.Rfe1
Rbd8 23.Rbd1 Ba6 24.c4 Bb7 25.e5 Bxf3 26.Qxf3 Rd4 27.f5 Qg5 28.Kf2 g6 29.f6 h5
30.h4 Qg4 31.Qxg4 Rxg4 32.Re4 Rxe4 33.dxe4 Re8 34.Ke3 Rxe5 35.Rd8+ Kh7 36.Kf4
Re6 37.e5 b5 38.cxb5 Rb6 39.Rf8 Rxb5 40.Rxf7+ Kh6 41.e6 Rb1 42.Rxc7 Rf1+
43.Ke5 Rf5+ 44.Kd6 Rxf6 45.Rf7 {#r} 1-0

[Event "34th Mukachevo Rating IM"]
[Site "Mukachevo UKR"]
[Date "2017.05.18"]
[Round "4.2"]
[White "Tiba,V"]
[Black "Sztercsco,S"]
[Result "1-0"]
[WhiteElo "2310"]
[BlackElo "2090"]

1.e4 c5 2.Nf3 d6 3.d4 cxd4 4.Nxd4 Nf6 5.Nc3 a6 6.Be3 e6 7.f3 Be7 8.Qd2 Bd7
9.g4 Nc6 10.O-O-O O-O 11.h4 Nxd4 12.Qxd4 Bc6 13.g5 Nd7 14.Bh3 b5 15.Rhg1 a5
16.h5 b4 17.Nd5 Bxd5 18.exd5 Nc5 19.h6 e5 20.Qd2 Qc7 21.hxg7 Rfb8 22.Bf5 b3
23.Qh2 {#r} 1-0

[Event "34th Mukachevo Rating IM"]
[Site "Mukachevo UKR"]
[Date "2017.05.18"]
[Round "4.3"]
[White "Fediv,A1"]
[Black "Ganze,L"]
[Result "1-0"]
[WhiteElo "2218"]
[BlackElo "2005"]

1.e4 g6 2.d4 Bg7 3.c4 c5 4.d5 d6 5.Nc3 Nf6 6.Bd3 e6 7.Nge2 exd5 8.exd5 O-O
9.O-O Re8 10.f4 a6 11.f5 Ng4 12.fxg6 hxg6 13.Rf3 Qh4 14.Bf4 Ne5 15.Re3 Bg4
16.Qe1 Qh5 17.Ng3 Qh4 18.Nge4 Qh8 19.Nxd6 Nbd7 20.Nxe8 Rxe8 21.Qg3 Bf6 22.h3
Bh5 23.Rae1 Kf8 24.Ne4 {#r} 1-0

[Event "34th Mukachevo Rating IM"]
[Site "Mukachevo UKR"]
[Date "2017.05.18"]
[Round "4.5"]
[White "Burnett,A"]
[Black "Dovzik,J"]
[Result "0-1"]
[WhiteElo "2183"]
[BlackElo "2306"]

1.d4 d5 2.c4 c6 3.Nf3 Nf6 4.Nc3 g6 5.cxd5 cxd5 6.Bf4 Nc6 7.e3 Bg7 8.Rc1 O-O
9.h3 e6 10.Bd3 Nh5 11.Bh2 f5 12.g4 Nf6 13.Rg1 Kh8 14.g5 Ne4 15.h4 Bd7 16.a3
Be8 17.Ne2 Rc8 18.Nf4 Bf7 19.h5 gxh5 20.g6 hxg6 21.Bxe4 fxe4 22.Ng5 Ne7
23.Rxc8 Qxc8 24.Nxf7+ Rxf7 25.Rg5 Kh7 26.Rxg6 Nxg6 27.Qxh5+ Kg8 28.Qxg6 Rf6
29.Qg4 Qc1+ 30.Ke2 e5 31.Nxd5 Qxb2+ 32.Kd1 Qb3+ 33.Ke1 Qxd5 34.Bxe5 Qe6
35.Qxe4 Rg6 36.d5 Rg1+ {#R} 0-1